| 000 | 00557nam a22001697a 4500 | ||
|---|---|---|---|
| 003 | OSt | ||
| 005 | 20260421020744.0 | ||
| 008 | 260421b |||||||| |||| 00| 0 eng d | ||
| 020 | _a 9718970754 | ||
| 040 |
_aDWCL Main Lib _cOC |
||
| 082 | _aDWC 012 S139d 1999c3 | ||
| 245 |
_adiksyunaryo ng mga unang pinoy _cM & L Licudine Enterprises |
||
| 260 |
_aManila, Philippines _bM & L Licudine Enterprises _cc1999 |
||
| 300 |
_a151 _c18cm |
||
| 700 | _aJulio F. Silverio | ||
| 942 |
_2ddc _cBK - FIL _hDWC 012 S139d 1999c3 _n0 |
||
| 999 |
_c9521 _d9521 |
||